000 00223nam a2200097Ia 4500
005 20250424120233.0
008 250424s9999 xx 000 0 und d
050 _aEconomics
260 _aTaylor and Francis Group
650 _aSR
999 _c38168
_d38168